Electronic money : And the payments mechanism

Đã lưu trong:
Sonraí Bibleagrafaíochta
Údar Corparáideach: The Federal Researve Bank of Boston
Formáid: Leabhar
Teanga:Undetermined
Foilsithe: United States The Federal Researve Bank of Boston 1972
Ábhair:
Clibeanna: Cuir Clib Leis
Gan Chlibeanna, Bí ar an gcéad duine leis an taifead seo a chlibeáil!
Thư viện lưu trữ: Trung tâm Học liệu Trường Đại học Cần Thơ
LEADER 00606nam a2200205Ia 4500
001 CTU_87708
008 210402s9999 xx 000 0 und d
082 |a 332.7 
082 |b E38 
110 |a The Federal Researve Bank of Boston 
245 0 |a Electronic money : 
245 8 |b And the payments mechanism 
245 4 |c The Federal Researve Bank of Boston 
260 |a United States 
260 |b The Federal Researve Bank of Boston 
260 |c 1972 
650 |a Electronic funds transfers 
650 |z United States 
904 |i Giang 
980 |a Trung tâm Học liệu Trường Đại học Cần Thơ